ARRUPE JESUIT UNIVERSITY

CORONAVIRUS -STOP THE SPREAD - CLEAN,DISINFECT,COVER

The No. 1 Ladies' Detective Agency / (Record no. 128632)

MARC details
000 -LEADER
fixed length control field 01155cam a2200301 a 4500
001 - CONTROL NUMBER
control field 11889481
003 - CONTROL NUMBER IDENTIFIER
control field ARRUPE
005 - DATE AND TIME OF LATEST TRANSACTION
control field 20181122102227.0
008 - FIXED-LENGTH DATA ELEMENTS--GENERAL INFORMATION
fixed length control field 000113s1998 sa 000 1 eng
010 ## - LIBRARY OF CONGRESS CONTROL NUMBER
LC control number 00311528
020 ## - INTERNATIONAL STANDARD BOOK NUMBER
International Standard Book Number 0864864388
040 ## - CATALOGING SOURCE
Original cataloging agency DLC
Transcribing agency DLC
Modifying agency DLC
043 ## - GEOGRAPHIC AREA CODE
Geographic area code f-bs---
050 00 - LIBRARY OF CONGRESS CALL NUMBER
Classification number PR6063.C326
Item number N6 1998
082 00 - DEWEY DECIMAL CLASSIFICATION NUMBER
Classification number 823/.914
Edition number 22
300 ## - PHYSICAL DESCRIPTION
Dimensions 22 cm.
100 1# - MAIN ENTRY--PERSONAL NAME
Personal name McCall Smith, Alexander,
Dates associated with a name 1948-
9 (RLIN) 14906
245 14 - TITLE STATEMENT
Title The No. 1 Ladies' Detective Agency /
Statement of responsibility, etc Alexander McCall Smith.
246 3# - VARYING FORM OF TITLE
Title proper/short title Number One Ladies Detective Agency
260 ## - PUBLICATION, DISTRIBUTION, ETC. (IMPRINT)
Place of publication, distribution, etc Edinburgh,
Date of publication, distribution, etc c1998.
Name of publisher, distributor, etc Polygon
300 ## - PHYSICAL DESCRIPTION
Extent 226 p. ;
650 #0 - SUBJECT ADDED ENTRY--TOPICAL TERM
Topical term or geographic name as entry element No. 1 Ladies' Detective Agency (Imaginary organization)
Form subdivision Fiction.
9 (RLIN) 43598
655 #7 - INDEX TERM--GENRE/FORM
Genre/form data or focus term Mystery fiction.
Source of term gsafd
9 (RLIN) 30988
906 ## - LOCAL DATA ELEMENT F, LDF (RLIN)
a 7
b cbc
c orignew
d 4
e ncip
f 20
g y-gencatlg
942 ## - ADDED ENTRY ELEMENTS (KOHA)
Source of classification or shelving scheme Library of Congress Classification
Koha item type Monograph ( Printed materials)
Holdings
Withdrawn status Lost status Source of classification or shelving scheme Damaged status Not for loan Collection code Home library Current library Shelving location Date acquired Total Checkouts Full call number Barcode Date last seen Price effective from Koha item type
    Library of Congress Classification     Main Collection ARRUPE LIBRARY ARRUPE LIBRARY Main Collection 22/11/2018   PR6063.C326 N6 1998 46600002642 22/11/2018 22/11/2018 Monograph ( Printed materials)
    Library of Congress Classification       ARRUPE LIBRARY ARRUPE LIBRARY Main Collection 10/01/2022   PR6063.C326 N6 1998 46410856 10/01/2022 10/01/2022 Monograph ( Printed materials)

 

Arrupe Library. PO Box MP320 Mt Pleasant, Harare, Zimbabwe
263 242 745411|librarian@aju.ac.zw